What's mine is yours (Record no. 67268)
[ view plain ]
| 000 -LEADER | |
|---|---|
| fixed length control field | 00944cam a2200205 4500 |
| 001 - CONTROL NUMBER | |
| control field | X113021 |
| 008 - FIXED-LENGTH DATA ELEMENTS--GENERAL INFORMATION | |
| fixed length control field | 000000n2001 000 0 eng u |
| 035 ## - SYSTEM CONTROL NUMBER | |
| System control number | (Sirsi) u113021 |
| 100 ## - MAIN ENTRY--PERSONAL NAME | |
| Personal name | Barnes, R. |
| 245 ## - TITLE STATEMENT | |
| Title | What's mine is yours |
| 260 ## - PUBLICATION, DISTRIBUTION, ETC. | |
| Date of publication, distribution, etc. | 2001 |
| 490 ## - SERIES STATEMENT | |
| Series statement | Building |
| Volume/sequential designation | 266(8186) 25 May 2001, 53(1) |
| 520 ## - SUMMARY, ETC. | |
| Summary, etc. | Warns that partners and directors need to determine ownership of intellectual property rights, including copyright, as early as possible. Failing to do so risks the courts inferring a different licence from the one envisaged by the professional. Directors are reminded that by not protecting intellectual property rights they may be in breach of their fiduciary duties to safeguard the interests of their companies. |
| 650 ## - SUBJECT ADDED ENTRY--TOPICAL TERM | |
| Topical term or geographic name entry element | INTELLECTUAL PROPERTY RIGHTS |
| 650 ## - SUBJECT ADDED ENTRY--TOPICAL TERM | |
| Topical term or geographic name entry element | COPYRIGHT |
| 650 ## - SUBJECT ADDED ENTRY--TOPICAL TERM | |
| Topical term or geographic name entry element | DIRECTORS RESPONSIBILITIES |
| 650 ## - SUBJECT ADDED ENTRY--TOPICAL TERM | |
| Topical term or geographic name entry element | FIDUCIARY DUTIES |
| 690 ## - LOCAL SUBJECT ADDED ENTRY--TOPICAL TERM (OCLC, RLIN) | |
| Topical term or geographic name as entry element | MANAGEMENT-BUSINESS MANAGEMENT |
| 942 ## - ADDED ENTRY ELEMENTS (KOHA) | |
| Suppress in OPAC | 0 |
| Withdrawn status | Lost status | Source of classification or shelving scheme | Damaged status | Not for loan | Home library | Current library | Shelving location | Date acquired | Total Checkouts | Full call number | Barcode | Date last seen | Copy number | Price effective from | Koha item type |
|---|---|---|---|---|---|---|---|---|---|---|---|---|---|---|---|
| Dewey Decimal Classification | London | London | Journal article | 11/06/2001 | X113021 | 113021-1001 | 06/08/2019 | 1 | 06/08/2019 | Journal article |